Biblioteca

Los cantos de Jesús : (Registro nro. 71341)

Detalles MARC
000 -LÍDER
Campo fijo de descripción fija 01507nam a2200397 i 4500
001 - NÚMERO DE CONTROL
Campo de control 768714001
003 - IDENTIFICADOR DEL NÚMERO DE CONTROL
Campo de control CO-MdFUSB
005 - FECHA Y HORA DE LA ULTIMA TRANSACCIÓN
control field 20260429144508.0
007 - CAMPO FIJO DE DESCRIPCIÓN FIJA--INFORMACIÓN GENERAL
Campo fijo de descripción fija ta
008 - ELEMENTOS DE LONGITUD FIJA -- INFORMACIÓN GENERAL
Campo fijo de descripción fija -- Información general t2016 ck ||||| |||||||| | spa d
020 ## - NÚMERO INTERNACIONAL NORMALIZADO PARA LIBROS
Número Internacional Normalizado del libro 978-1-944586-26-3
040 ## - FUENTE DE CATALOGACIÓN
Idioma de catalogación spa.
Agencia de catalogación original CO-MdFUSB
Agencia que realiza la transcripción CO-MdFUSB
Agencia que realiza la modificación CO-MdFUSBC
Convenciones de la descripción rda
041 ## - CÓDIGO DE IDIOMA
Código de idioma para texto/pista de sonido o título separado spa
Código de idioma original eng
082 04 - NÚMERO DE CLASIFICACIÓN DECIMAL DEWEY
Número de la edición del Dewey 23
Número de clasificación 242.5
Clave de autor-Numero de item k29
100 1# - ASIENTO PRINCIPAL--NOMBRE PERSONAL
Nombre personal Keller, Timothy,
Fechas asociadas con el nombre 1950-
Término relacionador autor
240 ## - TITULO UNIFORME
Título uniforme <a href="The songs of Jesus: a years of daily devotions in the Psalms. ">The songs of Jesus: a years of daily devotions in the Psalms. </a>
245 #3 - TÍTULO
Título del Material Los cantos de Jesús :
Parte restante del título - Subtitulo un año de devocionales diarios en los Salmos
Mención de responsabilidad, etc. / Timothy Keller , Kathy Keller ; traducido por Giancarlo Montemayor
264 #1 - PRODUCCIÓN, PUBLICACIÓN, DISTRIBUCIÓN, MANUFACTURA, Y COPYRIGHT
Lugar de producción, publicación, distribución, manufactura Medellín, Colombia :
Nombre del productor, publicador, distribuidor Poiema,
Fecha de producción, publicación, distribución, manufactura, o copyright [2016]
264 #4 - PRODUCCIÓN, PUBLICACIÓN, DISTRIBUCIÓN, MANUFACTURA, Y COPYRIGHT
Fecha de producción, publicación, distribución, manufactura, o copyright ©2016
300 ## - DESCRIPCIÓN FÍSICA
Extensión 374 páginas :
Dimensiones ; 20 cm
336 ## - TIPO DE CONTENIDO
Término de tipo de contenido texto
Código de tipo de contenido txt
Fuente rdacontent
337 ## - TIPO DE MEDIO
Fuente rdamedia
Nombre del tipo de medio sin mediación
Código del tipo de medio n
338 ## - TIPO DE SOPORTE
Fuente rdacarrier
Nombre del tipo de soporte volumen
Código Tipo de soporte nc
500 ## - NOTA GENERAL
Nota General Incluye índice
520 ## - NOTA DE RESUMEN, ETC.
Nota de sumario, etc. Devocional diario basado en los Salmos que invita a profundizar en la oración y la vida espiritual a lo largo de un año, a partir de reflexiones desarrolladas por los autores sobre estos textos bíblicos.<br/>
563 ## - NOTA DE ENCUADERNACIÓN
Nota de encuadernación Pasta dura
630 07 - TITULO UNIFORME
Título uniforme Biblia.
Nombre de parte o sección de la obra Salmos
650 #0 - ASIENTO SECUNDARIO DE MATERIA - TERMINO TEMÁTICO
Término temático o nombre geográfico como elemento de entrada Estudios bíblicos
9 (RLIN) 1781
653 ## - TÉRMINO DE INDIZACIÓN - NO CONTROLADO
Término no controlado Devocionales cristianos
653 ## - TÉRMINO DE INDIZACIÓN - NO CONTROLADO
Término no controlado Vida espiritual
653 ## - TÉRMINO DE INDIZACIÓN - NO CONTROLADO
Término no controlado Oración cristiana
700 ## - ASIENTO SECUNDARIO - NOMBRE PERSONAL
Nombre personal Keller, Kathy
9 (RLIN) 11673
Responsabilidad autor
700 ## - ASIENTO SECUNDARIO - NOMBRE PERSONAL
Nombre personal Montemayor, Giancarlo,
9 (RLIN) 5361
Responsabilidad traductor
942 ## - TIPO DE MATERIAL (KOHA)
Tipo de Item KOHA Libros General
945 ## - INFORMACIÓN LOCAL DEL REGISTRO
Catalogador Catherine Arias Alvarez
Existencias
Estado de Material Estado de Perdido Forma de Clasificación Estado de Dañado No para Préstamo Colección Biblioteca de Origen Biblioteca Permanente Fecha de Adquisición Área Total de Préstamos Signatura Topográfica Código de Barras Última vez visto Ejemplar/Existencia Fecha de Remplazo Tipo de Material
    Dewey Decimal Classification     Colección General Biblioteca FUSBC Biblioteca FUSBC 17/06/2025 VIDA CRISTIANA   G 242.5 k29c 25738 17/06/2025 Ej. 1 17/06/2025 Libros General

Biblioteca FUSBC | Teléfono: (57+4) 349 88 10 Ext. 141| WhatsApp (+57) 3005338115 
E-mail: biblioteca@unisbc.edu.co | Calle 76 87-14 Robledo Palenque, Medellín, Colombia

Con tecnología Koha